| 000 | 00782nam a2200253Ia 4500 | ||
|---|---|---|---|
| 999 |
_c49125 _d49125 |
||
| 003 | GCL | ||
| 005 | 20240530104613.0 | ||
| 008 | 140319s9999 xx 000 0 ara d | ||
| 040 |
_aGCL / _cGCL |
||
| 082 | 0 | 4 |
_a220 _bا ت |
| 100 | 1 | _aابى عبدالله الزنجانى | |
| 245 | 1 | 0 |
_aتاريخ القران / _cمحمد عبدالرحيم |
| 250 | _aالاولى | ||
| 260 |
_aسوريا : _bدار الحكمة ، _c1990 |
||
| 300 |
_a235 ص ؛ _c24سم |
||
| 650 | 0 | 4 | _aالاسلام |
| 650 | 0 | 4 | _aجمع وتدوين |
| 650 | 0 | 4 | _aالقران - سور وايات |
| 650 | 0 | 4 | _aالقران |
| 650 | 0 | 4 | _aالقران - تاريخ |
| 700 | 1 | _aمحمد كرد على (تقديم). | |
| 700 | 1 | _aمحمد عبدالرحيم (تحقيق). | |
| 942 |
_2ddc _cBK |
||